| 000 | 00533nam a22001577a 4500 | ||
|---|---|---|---|
| 003 | OSt | ||
| 005 | 20150929162019.0 | ||
| 008 | 150929b xxu||||| |||| 00| 0 eng d | ||
| 040 | _cRUA | ||
| 082 | _aAGR HOR 2003 B008 Or.1 | ||
| 100 |
_91574 _aHORN, SOKHA. |
||
| 245 | _aFertilizer effecting on corn crop experimental, ការពិសោធន៏ប្រៀបធៀបឥទ្ធិពលជីលើដំណាំពោតដំណើប | ||
| 260 |
_aPhnom Penh _bRUA _c2003 |
||
| 300 |
_a69p. _bill. _c29cm. |
||
| 942 |
_2ddc _cAGR |
||
| 999 |
_c1485 _d1485 |
||